Normal view
MARC view
Entry Personal Name
001 - CONTROL NUMBER
- control field: 31992
003 - CONTROL NUMBER IDENTIFIER
- control field: ARRUPE
005 - DATE AND TIME OF LATEST TRANSACTION
- control field: 20170602091757.0
008 - FIXED-LENGTH DATA ELEMENTS
- fixed length control field: 170602|| aca||aabn | a|a d
040 ## - CATALOGING SOURCE
- Original cataloging agency: ARRUPE
- Transcribing agency: ARRUPE
100 ## - HEADING--PERSONAL NAME
- Personal name: Harold-Barry, David (ed.)
670 ## - SOURCE DATA FOUND
- Source citation: Work cat.: (ARRUPE)94692: Zimbabwe: The past is the future, 2004